000 01616cam a22004694i 4500
003 PE-LiUPU
005 20250731172941.0
008 150623s r 000 0 d
020 _a0385004265
035 _a(Sirsi) i9780385004268
040 _aPE-LiUPU
_bspa
_cPE-LiUPU
_erda
049 _aPRUA
082 0 4 _a220.7
_bAB1986
_221
100 1 _aMyers, Jacob M.,
_eautor.
245 1 0 _aI and II Esdras /
_cJacob M. Myers.
264 1 _aNew York :
_bDoubleday,
_c1986.
300 _a383 páginas :
_bilustraciones láms. ;
_c24 centímetros
336 _atext
_2rdacontent
337 _aunmediated
_2rdamedia
338 _avolume
_2rdacarrier
490 0 _aThe Anchor Bible ;
_v42
504 _aIncluye bibliografía.
505 0 _aI Esdras : Introducción. -Bibliografía I. -Translation, notes and comments. -II Esdras: Introduction. -Bibliography II. -Translation, notes and comments.
526 _aSEG42
526 _aSEG41
526 _aSEG40
526 _aSEG39
526 _aP94
526 _aP87
526 _aP86
526 _aP85
526 _aP77
526 _aP76
526 _aP35
630 _aBiblia.
_pA.T.
_pEsdras (Apócrifo)
_xComentarios.
942 _2ddc
_cBOOK
949 _a220.7 AB 42 1986
_wDEWEY
_c1
_i44565
_lCCODEBUL1
_mBUL
_r0
_sY
_tBOOK
_u2015-6-24
_xTEOLOGIA
_PP35
_0COMPRA
_o.STAFF. Colección General
994 _aC0
_bPEPRU
596 _a1
999 _a220.7 AB 42 1986
_wDEWEY
_c21451
_i44565
_f2021-11-9
_g5
_lCCODEBUL1
_mBUL
_r0
_sY
_tBOOK
_u2015-6-24
_xTEOLOGIA
_PP35
_0COMPRA
_o.STAFF. Colección General
_d21451
980 _81
_gALBERTO SANCHEZ Responsable de Automatización